En conquista de los derechos humanos: homenaje a José Zalaquett Daher

Saved in:
Bibliografiske detaljer
Corporate Authors: Universidad de Chile (Author), Facultad de Derecho (Author)
Format: Bog
Sprog:spansk
Udgivet: Santiago Thomson Reuters 2017
Udgivelse:1a. ed
Fag:
Tags: Tilføj Tag
Ingen Tags, Vær først til at tagge denne postø!

MARC

LEADER 00000cam a2200000 a 4500
001 UCD8148
003 CL-VaPUC
008 170428e20170300cl |||||||||||||||||spa|d
020 |a 9789563468687 
082 0 4 |a 323.4  |b UNI  |2 21 
110 2 |a Universidad de Chile  |e author  |9 591993 
710 2 |a Facultad de Derecho  |e author  |9 591994 
245 1 0 |a En conquista de los derechos humanos: homenaje a José Zalaquett Daher 
250 |a 1a. ed 
300 |a 403 p 
942 |c BK 
945 |d 20170428 01:26:00  |a arojas 
260 |a Santiago  |b Thomson Reuters  |c 2017 
650 0 |a Derechos humanos  |9 223025 
650 0 |a Democracia  |9 255256 
650 0 |a Estado de derecho  |9 257795 
650 0 |a Homenajes  |9 258192 
583 |a last modification  |c 20170428 01:26:00  |k Rodrigo Vera 
999 |c 367873  |d 367871 
952 |0 0  |1 0  |3 erd  |4 0  |6 323_400000000000000_UNI_2017  |7 0  |8 A  |9 483026  |a BIBDER  |b BIBDER  |i 5373700  |o 323.4 UNI 2017  |p 5373700  |r 2023-01-25  |w 2019-11-24  |y BK  |z Catalogado en:20170428  |k DER 
952 |0 0  |1 0  |3 erd  |4 0  |6 323_400000000000000_UNI_2017  |7 0  |8 A  |9 483027  |a BIBDER  |b BIBDER  |i 5409667  |o 323.4 UNI 2017  |p 5409667  |r 2023-01-25  |w 2019-11-24  |y BK  |z Catalogado en:20170721  |k DER